History and memory

Αποθηκεύτηκε σε:
Λεπτομέρειες βιβλιογραφικής εγγραφής
Κύριος συγγραφέας: Le Goff, Jacques, 1924-2014
Άλλοι συγγραφείς: Rendall, Steven (Μεταφραστής), Claman, Elizabeth (Μεταφραστής)
Μορφή: Βιβλίο
Γλώσσα:English
Δημοσίευση: New York : Columbia University Press, 1992
Σειρά:European perspectives
Θέματα:
Ετικέτες: Προσθήκη ετικέτας
Δεν υπάρχουν, Καταχωρήστε ετικέτα πρώτοι!

MARC

LEADER 00000nam a2200000 i 4500
001 1/95608
008 960523s1992 eng d
020 |a 0-231-07590-1 
035 |l 10009807 
040 |a GR-MY-UA  |b gre  |e aacr 
041 0 |a eng 
082 0 |a 901 
100 1 |a Le Goff, Jacques,   |d 1924-2014. 
245 1 0 |a History and memory /  |c Jacques Le Goff ; Translated by Steven Rendall and Elizabeth Claman 
260 |a New York :   |b Columbia University Press,   |c 1992 
300 |a 265 p. 
490 1 |a European perspectives 
504 |a Includes bibliographical references and index 
650 0 0 |a History  |x Philosophy. 
650 0 0 |a Memory (Philosophy) 
700 1 |a Rendall, Steven.  |4 trl 
700 1 |a Claman, Elizabeth.  |4 trl 
830 0 |a European perspectives 
852 |a INST  |b LESVOS  |e 19960523  |h 901 LEG  |p 005100010159  |q 005100010159  |t BK  |y 0 
909 |a Λ  |b 037150 
950 |a 120-1994-09-01